| 000 | 01024nam a2200241 i 4500 | ||
|---|---|---|---|
| 001 | 154115 | ||
| 003 | ES-MaACL | ||
| 005 | 20230906205529.0 | ||
| 008 | 931025s1735 sz |||| | lat d | ||
| 040 |
_aCAM _bspa _cPAB |
||
| 100 | 1 |
_aFontanella, Juan Pedro. _951612 |
|
| 245 | 1 | 0 |
_aJoannis Petri Fontanellae ... Decisiones Sacri Regii Senatus Cathaloniae _b: tomus primus... |
| 250 |
_aEditio ultima... _baccesserunt S. Rotae Romanae Decisiones recentissimae...; praemittitu vita authoris. |
||
| 260 |
_aColoniae Allobrogun : _bsumptibus Perachon & Cramer, _c1735. |
||
| 300 |
_a[28], 576 p. ; _cFol. |
||
| 597 | 1 | _aSign.: [cruz]\p8\s, 2[cruz]\p6\s, A-2Z\p6\s, 3A-3B\p6\s. | |
| 597 | 1 | _aTexto a dos col. | |
| 597 | 1 | _aAntep. | |
| 597 | 1 | _aPort. con grab. xil. (probablemente marca tip.) | |
| 610 | 1 | 4 |
_aCataluña. Senado- _xJurisprudencia- _yS. XVII. _9134234 |
| 740 | 0 | _aDecisiones Sacri Regii Senatus Cathaloniae. | |
| 852 |
_aES-MaACL _jR-1528 _z-- Enc. pasta _d-- Edic.: Marca tip. en port. _x Olim: G-1908 |
||
| 999 |
_c154115 _d154115 |
||